00820nam a22001937a 4500003000900000005001700009008004100026040001300067100004000080245008700120250001100207260005300218300002000271490003500291520017100326942001200497999001700509952010000526IT-RoPau20220918181106.0130523b xxu||||| |||| 00| 0 eng d cIT-RoPau aCentro Promozione e Formazione9595 a"Al centro sta Gesù Cristo Via, Verità e Vita"bCentro Promozione e Formazione a1° ed aRomabSSP - Centro Promozione e Formazionecs.d. a13 pp.c29,5 cm aCentro Promozione e Formazione aIndice Schema 1 - Spiritualità paolina Schema 2 - "Io sono la Via" Schema 3 - "Iosono la Verita" Schema 4 - "Io sono la Vita" Schema 5 - Il Maestro e il Discepolo  2ddccBK c98598d98598 00102ddc406P_D271aPAULUSbPAULUSd2013-05-23l0oP D2r2013-05-23 00:00:00w2013-05-23yBK